000 01350nam a2200361 i 4500
001 bg
003 BPK
005 20221221124522.0
008 980313s1998 pl a f f |000 0 pol
015 _aPB 1998/2524
020 _a8301116234
020 _a8301116226
040 _aWA N
_cBPK
041 1 _apol
_heng
080 _a330
080 _a(075.8)
100 1 _aSamuelson, Paul Anthony
_d(1915-2009)
_eAutor
245 1 0 _aEkonomia.
_n[T.] 1 /
_cPaul A. Samuelson, William D. Nordhaus ; przekł. [z ang.] Helena Hagemejer i Krzysztof Hagemejer, Jan Czekaj ; przedmowę Od tłumaczy napisał K. Hagemejer.
246 1 _iTyt. oryg.:
_aEconomics
250 _a[Wyd. 1, dodr. 4].
260 _aWarszawa :
_bWydaw. Naukowe PWN,
_c1999.
300 _a845, [1] s. :
_bwykr. ;
_c25 cm.
534 _pOryg. :
_aSamuelson, Paul Anthony.
_tEconomics.
_c1985.
655 4 _aPodręczniki akademickie
650 4 _aEkonomia
700 1 _aHagemejer, Helena.
_eTł.
700 1 _aHagemejer, Krzysztof
_d(1951- ).
_eTł.
710 2 _aWydawnictwo Naukowe PWN
_4pbl.
700 1 _aCzekaj, Jan
_d(1950- )
_eTłumaczenie
700 1 _aNordhaus, William D.
_d(1941- )
_eAutor
856 4 1 _uhttp://koha.tu.koszalin.pl/cgi-bin/koha/opac-detail.pl?biblionumber=53335
_yKatalog online BPK
942 _2UKD
_cKS
999 _c53335
_d53335